书目信息 |
| 题名: |
食源性疾病监测实验室操作规程
|
|
| 作者: | 李薇薇 , 韩海红 主编 | |
| 分册: | ||
| 出版信息: | 北京 中国质检出版社 2017.12 |
|
| 页数: | 139页 | |
| 开本: | 26cm | |
| 丛书名: | 食源性疾病系列丛书 | |
| 单 册: | ||
| 中图分类: | R595.7-65 , R595 | |
| 科图分类: | ||
| 主题词: | 食源性疾病--shi yuan xing ji bing--卫生监测--规程 | |
| 电子资源: | ||
| ISBN: | 978-7-5026-4521-2 | |
| 000 | 01039nam 2200265 450 | |
| 001 | 2328522179 | |
| 005 | 20231127075621.12 | |
| 010 | @a978-7-5026-4521-2@dCNY39.00 | |
| 100 | @a20180322d2017 em y0chiy50 ea | |
| 101 | 0 | @achi |
| 102 | @aCN@b110000 | |
| 105 | @aak z 000yy | |
| 200 | 1 | @a食源性疾病监测实验室操作规程@Ashi yuan xing ji bing jian ce shi yan shi cao zuo gui cheng@f李薇薇, 韩海红主编 |
| 210 | @a北京@c中国质检出版社@c中国标准出版社@d2017.12 | |
| 215 | @a139页@c图@d26cm | |
| 225 | 2 | @a食源性疾病系列丛书@Ashi yuan xing ji bing xi lie cong shu |
| 330 | @a本书共分: 粪便标本检验标准操作程序、食源性致病菌PFGE标准操作程序、食源性致病菌药敏试验标准操作程序三章。主要内容包括: 沙门氏菌、志贺氏菌、副溶血性孤菌、弯曲菌等。 | |
| 410 | 0 | @12001 @a食源性疾病系列丛书 |
| 606 | 0 | @a食源性疾病@Ashi yuan xing ji bing@x卫生监测@x规程 |
| 690 | @aR595.7-65@v5 | |
| 690 | @aR595@v4 | |
| 701 | 0 | @a李薇薇@Ali wei wei@4主编 |
| 701 | 0 | @a韩海红@Ahan hai hong@4主编 |
| 801 | 0 | @aCN@b人天书店@c20180322 |
| 905 | @aBZT@dR595@e5 | |
| 食源性疾病监测实验室操作规程/李薇薇, 韩海红主编.-北京:中国质检出版社:中国标准出版社,2017.12 |
| 139页:图;26cm.-(食源性疾病系列丛书) |
| ISBN 978-7-5026-4521-2:CNY39.00 |
| 本书共分: 粪便标本检验标准操作程序、食源性致病菌PFGE标准操作程序、食源性致病菌药敏试验标准操作程序三章。主要内容包括: 沙门氏菌、志贺氏菌、副溶血性孤菌、弯曲菌等。 |
| ● |
| 相关链接 |
|
|
|
正题名:食源性疾病监测实验室操作规程
索取号:R595/5
 
预约/预借
| 序号 | 登录号 | 条形码 | 馆藏地/架位号 | 状态 | 备注 |
| 1 | 2001099144 | 2001099144 | 东辅楼二楼书库/ [索取号:R595/5] | 在馆 | |
| 2 | 2001099145 | 2001099145 | 东辅楼二楼书库/ [索取号:R595/5] | 在馆 | |
| 3 | 2001099146 | 2001099146 | 东辅楼二楼书库/ [索取号:R595/5] | 在馆 | |
| 4 | 2001099147 | 2001099147 | 东辅楼二楼书库/ [索取号:R595/5] | 在馆 | |
| 5 | 2001099148 | 2001099148 | 东辅楼二楼书库/ [索取号:R595/5] | 在馆 | |
| 6 | 2001099149 | 2001099149 | 东辅楼二楼书库/ [索取号:R595/5] | 在馆 | |
| 7 | 2001099150 | 2001099150 | 东辅楼二楼书库/ [索取号:R595/5] | 在馆 | |
| 8 | 2001099151 | 2001099151 | 东辅楼二楼书库/ [索取号:R595/5] | 在馆 | |
| 9 | 2001099152 | 2001099152 | 东辅楼二楼书库/ [索取号:R595/5] | 在馆 | |
| 10 | 2001099153 | 2001099153 | 东辅楼二楼书库/ [索取号:R595/5] | 在馆 | |
| 11 | 2001099154 | 2001099154 | 东辅楼二楼书库/ [索取号:R595/5] | 在馆 | |
| 12 | 2001099155 | 2001099155 | 东辅楼二楼书库/ [索取号:R595/5] | 在馆 | |
| 13 | 2001099156 | 2001099156 | 东辅楼二楼书库/ [索取号:R595/5] | 在馆 | |
| 14 | 2001099157 | 2001099157 | 东辅楼二楼书库/ [索取号:R595/5] | 在馆 | |
| 15 | 2001099158 | 2001099158 | 东辅楼二楼书库/ [索取号:R595/5] | 在馆 | |
| 16 | 2001099159 | 2001099159 | 东辅楼二楼书库/ [索取号:R595/5] | 在馆 | |
| 17 | 2001099160 | 2001099160 | 东辅楼二楼书库/ [索取号:R595/5] | 在馆 | |
| 18 | 2001099161 | 2001099161 | 东辅楼二楼书库/ [索取号:R595/5] | 在馆 | |
| 19 | 2001099162 | 2001099162 | 东辅楼二楼书库/ [索取号:R595/5] | 在馆 | |
| 20 | 2001099163 | 2001099163 | 东辅楼二楼书库/ [索取号:R595/5] | 在馆 | |
| 21 | 2001099164 | 2001099164 | 东辅楼二楼书库/ [索取号:R595/5] | 在馆 | |
| 22 | 2001099165 | 2001099165 | 东辅楼二楼书库/ [索取号:R595/5] | 在馆 | |
| 23 | 2001099166 | 2001099166 | 东辅楼二楼书库/ [索取号:R595/5] | 在馆 | |
| 24 | 2001099167 | 2001099167 | 东辅楼二楼书库/ [索取号:R595/5] | 在馆 | |
| 25 | 2001099168 | 2001099168 | 东辅楼二楼书库/ [索取号:R595/5] | 在馆 | |
| 26 | 2001099169 | 2001099169 | 东辅楼二楼书库/ [索取号:R595/5] | 在馆 | |
| 27 | 2001099170 | 2001099170 | 东辅楼二楼书库/ [索取号:R595/5] | 在馆 | |
| 28 | 2001099171 | 2001099171 | 东辅楼二楼书库/ [索取号:R595/5] | 在馆 | |
| 29 | 2001099172 | 2001099172 | 东辅楼二楼书库/ [索取号:R595/5] | 在馆 | |
| 30 | 2001099173 | 2001099173 | 东辅楼二楼书库/ [索取号:R595/5] | 在馆 |